000
00211nam a2200097Ia 4500
008
220204s9999 xx 000 0 und d
082
_a
82-3
_b
SLA
100
_a
Frank G
245
0
_a
Stonewall brigade
942
_c
BK
999
_c
29548
_d
29548